ARRUPE JESUIT UNIVERSITY

CORONAVIRUS -STOP THE SPREAD - CLEAN,DISINFECT,COVER

Understanding African Philosophy (Record no. 13710)

MARC details
000 -LEADER
fixed length control field 00569nam a2200229Ia 4500
003 - CONTROL NUMBER IDENTIFIER
control field 0100
008 - FIXED-LENGTH DATA ELEMENTS--GENERAL INFORMATION
fixed length control field 130303s9999 xx 000 0 und d
020 ## - INTERNATIONAL STANDARD BOOK NUMBER
International Standard Book Number 0415939372
040 ## - CATALOGING SOURCE
Transcribing agency ARRUPELIB
050 ## - LIBRARY OF CONGRESS CALL NUMBER
Classification number B5305.B45 2002
300 ## - PHYSICAL DESCRIPTION
Other physical details 189p. 24cm.
100 ## - MAIN ENTRY--PERSONAL NAME
Personal name Bell, Richard H
245 ## - TITLE STATEMENT
Title Understanding African Philosophy
245 ## - TITLE STATEMENT
Remainder of title a cross-cultural approach to classical and contemporary issues
260 ## - PUBLICATION, DISTRIBUTION, ETC. (IMPRINT)
Place of publication, distribution, etc New York
260 ## - PUBLICATION, DISTRIBUTION, ETC. (IMPRINT)
Name of publisher, distributor, etc Routledge
260 ## - PUBLICATION, DISTRIBUTION, ETC. (IMPRINT)
-- 2002
300 ## - PHYSICAL DESCRIPTION
Extent xviii
650 ## - SUBJECT ADDED ENTRY--TOPICAL TERM
Topical term or geographic name as entry element PHILOSOPHY
650 ## - SUBJECT ADDED ENTRY--TOPICAL TERM
Topical term following geographic name as entry element Physiology
942 00 - ADDED ENTRY ELEMENTS (KOHA)
Koha issues (borrowed), all copies 12
Holdings
Withdrawn status Lost status Source of classification or shelving scheme Damaged status Not for loan Collection code Home library Current library Shelving location Date acquired Total Checkouts Full call number Barcode Date last seen Date checked out Copy number Price effective from Koha item type
    Library of Congress Classification     Main Collection ARRUPE LIBRARY ARRUPE LIBRARY   04/03/2013 19 B5305.B45 2002 46003073784 10/04/2025 10/04/2025 1 04/03/2013 Monograph ( Printed materials)

 

Arrupe Library. PO Box MP320 Mt Pleasant, Harare, Zimbabwe
263 242 745411|librarian@aju.ac.zw